[Event "Dortmund SuperGM 38th"]
[Site "Dortmund"]
[Date "2010.07.19"]
[Round "5"]
[White "Kramnik, Vladimir"]
[Black "Naiditsch, Arkadij"]
[Result "1-0"]
[WhiteElo "2790"]
[BlackElo "2684"]
[Annotator "Marin,M"]
[PlyCount "101"]
[EventDate "2010.07.15"]
[EventType "tourn"]
[EventRounds "10"]
[EventCountry "GER"]
[EventCategory "20"]
[SourceTitle "CBM 138"]
[Source "ChessBase"]
[SourceDate "2010.09.17"]
[SourceVersion "1"]
[SourceVersionDate "2010.09.17"]
[SourceQuality "1"]

1. d4 Nf6 2. c4 e6 3. Nf3 d5 4. g3 dxc4 5. Bg2 c5 {Decades ago, this was
considered to be the absolute main line of the open Catalan, but then it got
completely out of fashion.} 6. O-O Nc6 7. Qa4 (7. Ne5 {is more ambitious, see
for instance Leko,P (2734)-Kramnik,V (2790)/Dortmund 2010/CBM 138/[Marin] (1/2,
31)}) 7... Bd7 8. Qxc4 cxd4 {This line, based on repeated release of the
tension in the centre, had some revival over the past years.} ({After the
Buenos Aires Olympiad back in 1978 (see the next comment), Black started
relying on} 8... b5 9. Qd3 Rc8) 9. Nxd4 Rc8 10. Nc3 Nxd4 11. Qxd4 Bc5 12. Qh4
O-O {This is the new trend. Black sacrifices the b7-pawn in order to get
active counterplay.} ({The position arising after} 12... Bc6 {seems to have
been submitted to thorough analysis by the components of the Hungarian team
who won the 1978 Olympiad. Here are the first two games in which Black got
punished for neglecting the kingside development:} 13. Rd1 Qb6 14. Bxc6+ Rxc6
15. Bh6 $1 $16 gxh6 (15... Bf8 16. Rd2 e5 17. Be3 Qa6 18. Rad1 Be7 19. Qg5 O-O
20. Qxe5 $16 {Ribli,Z (2585)-Ljubojevic,L (2605)/Buenos Aires 1978/EXT 2000 
(1-0, 49)}) 16. Qxf6 O-O 17. Ne4 $16 {Portisch,L (2630)-Radulov,I (2490)/
Buenos Aires 1978/EXT 2000 (1-0, 35). The evaluation of this whole line as
favourable for White never was shaken.}) 13. Bxb7 (13. Bg5 {is an important
alternative, leading to microscopical white advantage, which is quite
difficult to convert, though.} h6 14. Bxf6 Qxf6 15. Qxf6 gxf6 16. Bxb7 Rb8 17.
Bf3 Rxb2 18. Rfd1 Be8 19. Ne4 Be7 20. Nd6 Bxd6 21. Rxd6 Bb5 22. Kf1 Rb8 23. a4
Bc4 {and Black managed to hold his own in Shirov,A (2745)-Wang Yue (2738)/
Sofia 2009/CBM 131 (1/2, 44)}) 13... Rb8 14. Bf3 Rb4 {This is an important
element in Black's strategy. Although his plan involves a loss of a tempo (...
Rc8-b8) with the rook, the lack of conmfort of the white queen makes the
position unclear.} 15. Qg5 Bd4 16. Qd2 {Not a great square for the queen, but
apparently Kramnik does not feel bothered at all; see also Kramnik,V (2790)
-Leko,P (2734)/Dortmund 2010/CBM 138/[Marin] (1/2, 47)} Qc7 {So far, play had
a rather linear character. This position has been reached in several games,
but they all diverged at this point. Abstractly speaking, Black should have
good compensation for the pawn, in view of his advance in development. However,
play may be slightly easier to carry out with White in over the board play,
because of his lack of weaknesses. The worst what could happen is to lose the
extra pawn and reach an equal or maybe slightly more pleasant position.} 17.
Nd1 $5 $146 {Geometrically speaking, an elegant retreat. There is certain
symmetry now in White's position. Black's main strategic threat consisted of
spoiling the queenside structure with ...Bxc3, which justifies Kramnik's
decision to improve the knight's position with Ne3.} ({The spectacular} 17. Nb5
{is ineffective:} Bxf2+ 18. Rxf2 Rxb5 19. b3 Bc6 20. Bb2 Bxf3 21. exf3 Rd8 22.
Rc1 Qb8 23. Qe3 Nd5 24. Qd4 f6 $11 {Schmidt,R (2387)-Nyback,T (2624)/Rijeka
2010/CBM 136 (1/2, 45)}) (17. a4 {is an interesting way of activating the
queen's rook without the necessity of developing the bishop.} a5 {not really
forced.} 18. Nb5 Bxb5 19. axb5 Rd8 20. e3 Be5 $2 {This is hard to understand:
White is allowed to complete his development in comfortable way.} ({The obvious
} 20... Bxb2 {would lead to unclear play:} 21. Qxb2 Rxb2 22. Bxb2 Nd5 23. Rfc1
Qb6 24. Be2 Ra8 {White certainly has strong compensation for the queen, but
Black is very much in the game still.}) 21. Qe2 $14 Ne4 $2 {weakening the
defence of the back rank.} 22. Bxe4 Rxe4 23. Bd2 $1 Qc2 $2 24. Rfc1 Qxb2 25.
Qd3 $1 {1-0 Buhmann,R (2565)-Meier,G (2608)/Saarbruecken 2009/CBM 128 Extra}) (
17. a3 {weakens the queenside light squares too much.} Rc4 18. Qd3 Bxc3 19.
bxc3 Rxc3 $6 {This pawn was one of Black's best friends, by restricting the
c1-bishop.} (19... e5 $1 $44) 20. Qd1 (20. Bf4 $5 e5 21. Rfc1 Rxd3 22. Rxc7
Rxf3 23. exf3 exf4 24. Rxa7 {The a-pawn is very dangerous. In case of a rook
exchange, White would get good winning chances.}) 20... Bc6 21. Bb2 Rc4 22.
Bxc6 Qxc6 23. Rc1 Rxc1 24. Qxc1 Qb5 25. Qc2 Nd5 26. Rc1 $14 {Nyback,T (2643)
-L'Ami,E (2615)/Wijk aan Zee 2010/CBM 135 (1/2, 33). White retains some micro
initiative, but Black should be able to draw with careful play.}) (17. Rd1 Rfb8
(17... Bc6 $5) 18. Qd3 Qc5 19. e3 Be5 20. Ne4 Nxe4 21. Qxd7 {Avrukh,B (2657)
-Nielsen,P (2662)/Dresden 2008/CBM 128 (1/2, 32). Again, White's position is
microscopically better.}) 17... Rfb8 18. a3 Rc4 {Possibly not best.} ({In view
of the ulterior course of the game,} 18... Ra4 $5 {make sense.}) 19. Ne3 Ra4 $6
{Black keeps losing time with this rook.} ({The only way to fight for equality
would be} 19... Bxe3 20. Qxe3 e5 {, when White's coordination would be far
from perfect yet.}) 20. Rb1 e5 21. b4 $14 {White is ready to complete his
development with Bb2, while the a4-rook is out of play.} a5 {This obvious
attempt to open the queenside is refuted tactically.} 22. Qc2 $1 {The start of
an interesting forced sequence.} Qxc2 23. Nxc2 Bf5 (23... Bc3 24. Bb2 $14) 24.
Nxd4 $1 Bxb1 25. Nc6 Re8 26. Nxa5 $16 {White has two pawns for the exchange,
and the a4-rook is trapped.} Be4 27. Bb2 Bxf3 28. exf3 e4 29. fxe4 Rxe4 (29...
Nxe4 30. Re1 $1 $16 {leads to the exchange of a rook pair, leaving the other
rook in big danger.}) 30. Rd1 h5 31. Rd8+ Kh7 32. Kf1 {Heading for b3.} h4 33.
f3 Re7 34. g4 Rc7 35. Ke2 Nd7 36. Kd2 f6 37. f4 Nc5 38. Rd4 Kg6 ({Black had
the possibility of freeing his rook with} 38... Rxa5 39. bxa5 Nb3+ 40. Kd3 Nxd4
41. Bxd4 {but this would have left the other rook in the danger of being
trapped!} Kg6 (41... Rc6 42. h3 $1 {It is important to block the enemy pawn on
a dark square, see also the main line.} Kg6 43. Ke4 Kf7 44. Kd5 Ra6 45. Bb6 $18
{[%cal Gd5b7]}) 42. a6 Kf7 43. a7 Rc8 44. Bb6 Ra8 (44... h3 45. Bc7 Ra8 46. Bb8
$18) 45. Kc4 Ke6 46. Kb5 Kd7 47. Ka6 Kc6 48. h3 $1 Rh8 49. Bf2 Ra8 50. Bxh4 $18
{White wins by creating a kingside passed pawn.}) 39. Kc3 Kf7 40. f5 Ne4+ 41.
Kb3 Nc5+ 42. Ka2 Na6 43. Rc4 Rxc4 (43... Nxb4+ 44. Kb3 $1 $18) 44. Nxc4 Nc7 45.
Na5 Na6 46. Kb3 Nc5+ 47. Kc4 Ne4 48. Kb5 Nc3+ 49. Bxc3 Rxa3 50. Kc4 Ra2 51. b5
1-0

[Event "Tata Steel-A 76th"]
[Site "Wijk aan Zee"]
[Date "2014.01.18"]
[Round "6"]
[White "Karjakin, Sergey"]
[Black "Naiditsch, Arkadij"]
[Result "1-0"]
[WhiteElo "2759"]
[BlackElo "2718"]
[Annotator "Marin,M"]
[PlyCount "151"]
[EventDate "2014.01.11"]
[EventType "tourn"]
[EventRounds "11"]
[EventCountry "NED"]
[EventCategory "20"]
[SourceTitle "CBM 159"]
[Source "ChessBase"]
[SourceDate "2014.03.17"]
[SourceVersion "1"]
[SourceVersionDate "2014.03.17"]
[SourceQuality "1"]

1. Nf3 d5 2. g3 Nf6 3. Bg2 c5 4. d4 Nc6 5. O-O e6 6. c4 dxc4 7. Ne5 Bd7 8. Na3
cxd4 9. Naxc4 Bc5 {Several decades ago, this was one of the main lines in the
open system.} 10. Bf4 $5 {Not the most frequent move.} ({The old main line goes
} 10. Qb3 O-O 11. Bf4 Qc8 12. Rac1 Nd5 13. Nxd7 Qxd7 14. Ne5 Nxe5 15. Bxe5 Bb6
16. Rfd1 Rac8 17. Rxc8 Rxc8 18. Bxd5 Qxd5 19. Qxd5 exd5 20. Bxd4 Bxd4 21. Rxd4
{White's ending is more pleasant, quite probably he will win the d5-pawn, but
with only rooks on the board the position should be difficult to win.} Rd8 (
21... Rc5 {allows White to win the pawn while keeping a compact kingside
structure:} 22. b4 Rc2 23. Rxd5 g6 24. Ra5 a6 25. Kf1 h5 26. a3 $14 {Glek,I 
(2500)-Dautov,R (2525) Frunze 1988 (1/2, 42)}) 22. e4 Kf8 23. exd5 Ke7 24. Kg2
Kd6 {With this pawn safely blocked, White needs to work out some tactical
miracles to win. It once happened, but not the next time.} 25. Kf3 Rc8 26. Rd2
Re8 ({Andrey Sokolov deviates from his earlier game:} 26... Rc5 27. Ke4 Rc4+
28. Kf5 Rc1 29. h4 {[%cal Gh4h5,Gg3g4,Gg4g5] Tukmakov,V (2570)-Sokolov,A (2605)
Biel 1992 (1-0, 58). The kingside pressure is unpleasant.}) 27. Kf4 Re5 28. h4
h5 {With this regrouping Black can stop White's initiative from scratch.} 29.
f3 f6 30. g4 g5+ 31. Kg3 hxg4 32. Kxg4 gxh4 33. Kxh4 {1/2 Kharlov,A (2580)
-Sokolov,A (2555) St Petersburg 1993 CBM 034 [Hansen,LB]}) 10... Nd5 $146 ({If
} 10... O-O {White does not need to transpose to the lines above with 11.Qb3,
but can use his queen on its initial square to retrieve the pawn.} 11. Rc1 Nd5
(11... Rc8 12. Nd3 Be7 13. Nd6 Bxd6 14. Bxd6 Re8 15. Nc5 {Maksimenko,A (2502)
-Hacker,C (2136) Senden 2001 (1-0, 66)}) 12. Nxd7 Qxd7 13. Ne5 Qe7 14. Nxc6
bxc6 15. Be5 Bb6 16. Bxd4 Rfd8 17. Bxb6 axb6 18. Qb3 Qb7 19. Rfd1 $14 {Serov,M
(2352)-Kotanjian,T (2568) Budva 2009 (1-0, 31). Black does not have immediate
problems, but in the long run his knight is not too stable, while White could
dream of creating a dangerous passed pawn on the a-file.}) 11. Nxd7 Qxd7 12.
Ne5 Nxe5 (12... Qe7 13. Nxc6 bxc6 14. Be5 O-O 15. Bxd4 $14) 13. Bxe5 O-O 14.
Bxd4 Bxd4 15. Qxd4 {White has retrieved the pawn and retains the more pleasant
position. In the old times this kind of position would have been considered
insufficient for achieving anything concrete, but with the massive advance of
theory contemporary players have to try their chances in any kind of position
with just a microscopic advantage.} Qb5 $6 {This creates unnecessary
weaknesses.} (15... Rfd8 16. Rfd1 Qe7 {White still retains some activity, but
Black's position is solid enough:} 17. Rac1 Nf6 18. Qe3 Rxd1+ 19. Rxd1 g6) 16.
Bxd5 exd5 (16... Rad8 $2 17. Bc4 $18) ({With four rooks on the board, the
ending arising after} 16... Qxd5 17. Qxd5 exd5 18. Rfd1 {is more dangerous for
Black than in Sokolov's games above.} Rac8 (18... Rfd8 19. Rd4 Rac8 20. Rad1
Rc2 21. Rxd5 Rxd5 22. Rxd5 g6 23. Rb5 $14) 19. Rxd5 Rc2 20. b4 Rxe2 21. Rd7 $14
) 17. e3 {Ever since the ninth game of the 1981 Baguio World Championship
match (Karpov-Korchnoi) it has been known that playing against the isolani
with only major pieces on board offers excellent winning chances.} Rfc8 {
Black hurries to create some threats along the c-file, aiming to exchange one
rook, thus reducing the pressure.} 18. b3 h6 19. Rfd1 Rc5 20. Kg2 a5 21. Rac1
$1 {A necessary concession.} ({If} 21. Rd2 Re8 22. Rad1 Re4 23. Qb2 Qc6 24. Kg1
b5 $11 {Black manages to defend his pawn without allowing the nasty pin along
the d-file.}) 21... Rac8 22. Rxc5 Rxc5 23. Qe5 {The position remains
unpleasant for Black. His pieces are busy defending the pawn, while on the
kingside he will be under constant pressure.} Qc6 24. Rd4 b6 25. Qf5 Qe6 26.
Qd3 Qc6 27. Qf5 Qe6 28. Qd3 Qc6 29. h4 $1 b5 (29... Rc3 30. Qf5) ({The
automatic response} 29... h5 {does not work out too well since after} 30. Qd1
$1 {[%csl Gh5]} g6 (30... Qg6 31. Qf3 $16 {[%csl Gd5,Gh5]}) 31. e4 $16 {
the pawn is virtually pinned:} dxe4 $2 32. Rd8+ Kh7 33. Qd4 $18) 30. a3 g6 $6 {
[%cal Gc5c3] Creating a weakness without needing to do so.} ({The
counterattack along the first rank is by one tempo too slow:} 30... Rc3 31. Qd1
Rc1 (31... Rc5) 32. Qf3 Rb1 $2 33. Rxd5 $16 Qc1 $2 34. Rd8+ Kh7 35. Qf5+ g6 36.
Qxf7#) 31. Qd2 $5 {[%csl Ga5,Gd5]} ({After ...g7-g6} 31. e4 $5 {is a permanent
issue:} Rc3 (31... dxe4 $2 32. Rd8+ Kh7 33. Qd4 $18) 32. Qd1 $16 Rc1 33. exd5
Rxd1 34. dxc6 Rc1 (34... Rxd4 35. c7 {[%csl Gc4]}) 35. Rd6 Rc3 (35... h5 36.
Kf3) 36. h5 $16) (31. h5 $5 {also looks tempting, weakening the kingside even
more.}) 31... Rc3 (31... a4 32. bxa4 $1 (32. b4 {[%csl Ga3]} Rc2 33. Qd1 Rc1
34. Qf3 Rb1) 32... bxa4 33. e4 $16) 32. Rxd5 (32. e4 $5 Rxb3 33. exd5 Qd6 34.
Qxa5 $16) 32... Rxb3 33. Qd4 Kh7 {Black is saved by the fact that the d5-rook
is pinned, but his position remains unpleasant.} 34. h5 gxh5 35. Qe4+ Qg6 36.
Rf5 Kg8 37. Qe8+ Kg7 38. Qe5+ f6 39. Qf4 Qg4 40. Qc7+ Kg6 41. Rf4 Qe6 42. Qxa5
$14 {The material is equal, but White has the better pawn structure, resulting
in the safer king's position.} Qc6+ 43. e4 Qe6 44. Qa8 Rc3 45. Kh2 Rc5 46. Qf8
Rc4 47. Qd8 Rxe4 48. Qd3 f5 49. Qxb5 Rxf4 50. gxf4 $14 {A curious ending. The
a-pawn is very dangerous, but White cannot abandon the kingside with his king
because the h-pawn would start advancing. Karjakin will manage to create some
threats against the apparently well defended black king, thus deciding the
game in his favour.} h4 51. Qe5 Qc6 52. Qe3 Kh5 53. f3 {Suddenly, the threat
Qe8+ (almost mate!) restricts the black queen's activity.} Qg6 (53... Kg6 54.
Kh3 {[%csl Gh4]}) 54. Qe1 Qc6 55. Qe5 Qg6 56. Qe1 Qc6 57. Kg2 h3+ $6 {Offering
White some chances.} (57... Qg6+ $6 58. Kh3 {[%cal Ge1h4]}) (57... Qc8 $11) (
57... Kg6 $11) 58. Kg3 h2 59. Qh1 Qc5 60. Qxh2+ Kg6 61. a4 Qa7 62. Qa2 Qg1+ 63.
Qg2 Qe1+ $6 {The queen only seems active on the first rank.} ({It would have
been better to control the pawn and defend some squares in his own territory
with} 63... Qa7 $1 64. Kh2+ Kf6 65. Qb2+ Kg6 66. Qa2 Qe3) 64. Qf2 Qa1 65. Qb6+
$1 $18 Kh5 {This creates the mating motifs.} ({But} 65... Kg7 {would have lost
the f-pawn by force:} 66. Qc7+ Kg6 67. Qc6+ Kg7 (67... Kh5 $2 68. Qe8#) 68.
Qd7+ Kf6 69. Qd6+ Kf7 70. Qd5+ Kf6 $6 71. Qe5+ $1 $18) 66. Qe3 Qh8 67. a5 {
Black cannot control e8 and stop the pawn at the same time.} Qg8+ 68. Kh3 Qa8
69. Qb3 (69. Qe2 {may be a bit more accurate:} Qc6 (69... Qa6 70. Qe8+) 70. Kg2
(70. a6 $2 Qxa6 $1 71. Qxa6 $11) 70... Qg6+ 71. Kh2 Qc6 72. a6 $18) 69... Qe8 (
69... Kg6 $5 {was the last chance.}) 70. a6 {now it is all over.} Qe7 71. Qb1
Kg6 72. Qg1+ Kh5 73. a7 Qa3 74. Kg3 Qa5 75. Qe3 Qd8 76. Qe5 (76. Qe5 Kg6 77.
Qb8) 1-0